Karol alle crociate : il Vaticano e la nuova epoca /
Sábháilte in:
| Príomhchruthaitheoir: | |
|---|---|
| Formáid: | LEABHAR |
| Teanga: | Iodáilis |
| Foilsithe / Cruthaithe: |
Roma :
PE,
\1994!
|
| Sraith: | Mosaico ;
3 |
| Ábhair: | |
| Clibeanna: |
Níl clibeanna ann, Bí ar an gcéad duine le clib a chur leis an taifead seo!
|
MARC
| LEADER | 00000nam a2200000 i 4500 | ||
|---|---|---|---|
| 001 | IT\ICCU\CFI\0289385 | ||
| 003 | ItRI | ||
| 005 | 20260115231937.0 | ||
| 008 | 950207s1994 it |||||| ||||| |||||c | ||
| 015 | |2 IT |a 95-2000 | ||
| 020 | |a 8880220047 | ||
| 040 | |b ita |c importazione bologna sebina | ||
| 041 | 7 | |a ita |2 ISO-639-2 | |
| 082 | |a 282.092 |9 CHIESA CATTOLICA ROMANA. Persone |2 20 | ||
| 100 | 1 | |a Longobardo, Carla |0 IT\ICCU\CFIV\145619 |4 aut | |
| 245 | 1 | 0 | |a Karol alle crociate : |b il Vaticano e la nuova epoca / |c Carla Longobardo. |
| 260 | |a Roma : |b PE, |c \1994! | ||
| 300 | |a 138 p. ; |c 20 cm. | ||
| 650 | 7 | |a Chiesa cattolica romana |x 1978-1993 |2 scbi | |
| 650 | 7 | |a Giovanni Paolo <papa ; 2.> | |
| 830 | 0 | |a Mosaico ; |v 3 |0 IT\ICCU\CFI\0255684 | |
| 942 | |2 ddc |c BK |n 0 | ||
| 952 | |0 0 |1 0 |4 0 |6 DOC_262_130000000000000_LON |7 0 |9 17391 |a BO |b BO |d 2026-01-15 |i 5103 |l 0 |o DOC 262.13 LON |p BO5103 |r 2026-01-15 23:19:37 |w 2026-01-15 |x [Sebina 5] [1 v.] |y BK |z 1 v. | ||
| 999 | |c 14840 |d 14840 | ||